Notable Clones Quiz - Statistics

General Stats
  • This quiz has been taken 118 times
  • The average score is 14 of 15
Answer Stats
Question Answer % Correct
Serves under Obi Wan Kenobi Cody
100%
Serves under Yoda Gree
100%
This clone perishes saving his squadmates on Rishi Moon. Hevy
100%
This Clone is unfit for battle and is put as a janitor. He perishes saving Fives, Echo, and a handful of Clone Cadets. Ninety Nine
100%
Serves under Anakin Skywalker Rex
100%
Presume killed at the sepratist prison The Citadel, he later is used by Techno Union Leader Wat Tambor to find Republic Algorithms. He is saved and Joins Clone Force 99.(The Bad Batch.) Echo
93%
Slain by Clone Commander Fox after realizing the clone bio chips were a plot to take over the galaxy. Fives
93%
Shock Trooper Commander Fox
93%
Clone Commando, bio chip removed. Gregor
93%
Leader of the Bad Batch Hunter
93%
Medic of the 501st Kix
93%
Killed Jedi Tiplar Tup
93%
This clone fought at the second battle of Geonosis, he persihes on Umbara. Waxer
93%
This clone is loyal to the Republic, and kills the Vile Pong Krell. Dogma
87%
Another clone that removes his bio chip, he lost his eye in a fight with the Sith Nightsister Asajj Ventress. Wolffe
87%
No matching quizzes found
Score Distribution
Percent of People with Each Score
Percentile by Number Answered
Your Score History
You have not taken this quiz